Подробности
| 000 -МАРКЕР |
| контрольное поле |
02009nam0a2200385 4500 |
| 001 - ИДЕНТИФИКАТОР ЗАПИСИ |
| контрольное поле |
RU\NLR\bibl\2084550 |
| 005 - ИДЕНТИФИКАТОР ВЕРСИИ |
| контрольное поле |
20260407071605.0 |
| 010 ## - МЕЖДУНАРОДНЫЙ СТАНДАРТНЫЙ НОМЕР КНИГИ (ISBN) |
| Номер (ISBN) |
978-5-09-032179-2 |
| Тираж |
10000 |
| 021 ## - НОМЕР ГОСУДАРСТВЕННОЙ РЕГИСТРАЦИИ |
| Код страны |
российская федерация |
| Номер |
2013-77950 |
| Номер Листа государственной регистраци |
532д/13 |
| 035 ## - ДРУГИЕ СИСТЕМНЫЕ НОМЕРА |
| Идентификатор записи |
(NLR Aleph) 002074674 |
| 100 ## - ДАННЫЕ ОБЩЕЙ ОБРАБОТКИ |
| Данные общей обработки |
20131022d2014 |||y0rusy50 ca |
| 101 0# - ЯЗЫК РЕСУРСА |
| Язык текста, звукозаписи и т.д. |
русский |
| 102 ## - СТРАНА ПУБЛИКАЦИИ ИЛИ ПРОИЗВОДСТВА |
| Страна публикации |
российская федерация |
| 105 ## - ПОЛЕ КОДИРОВАННЫХ ДАННЫХ: ТЕКСТОВЫЕ МАТЕРИАЛЫ, МОНОГРАФИЧЕСКИЕ |
| Кодированные данные о монографическом текстовом документе |
a jzzz000yy |
| 200 1# - ЗАГЛАВИЕ И СВЕДЕНИЯ ОБ ОТВЕТСТВЕННОСТИ |
| Основное заглавие |
Физика |
| Сведения, относящиеся к заглавию |
8 класс |
| -- |
учебник для общеобразовательных учреждений с приложением на электронном носителе |
| Первые сведения об ответственности |
В. В. Белага, И. А. Ломаченков, Ю. А. Панебратцев |
| Последующие сведения об ответственности |
Рос. акад. наук [и др.] |
| 205 ## - СВЕДЕНИЯ ОБ ИЗДАНИИ |
| Сведения об издании |
2-е изд. |
| 210 ## - ПУБЛИКАЦИЯ, РАСПРОСТРАНЕНИЕ И ДР. |
| Место издания, распространения и т.д. |
Москва |
| Имя издателя, распространителя и т. д. |
Просвещение |
| Дата издания, распространения и т.д. |
2014 |
| -- |
[т.е. 2013] |
| 215 ## - ФИЗИЧЕСКАЯ ХАРАКТЕРИСТИКА |
| Специфическое обозначение материала и объем |
159 с. |
| Другие сведения о физической характеристике |
цв. ил., портр. |
| Размеры |
27 |
| Сопроводительный материал |
1 электрон. опт. диск (CD-ROM) |
| 225 1# - СЕРИЯ |
| Основное заглавие серии |
Академический школьный учебник |
| 225 1# - СЕРИЯ |
| Основное заглавие серии |
Сферы |
| 225 1# - СЕРИЯ |
| Основное заглавие серии |
Проект "Российская академия наук, Российская академия образования, издательство "Просвещение" - российской школе" |
| 225 1# - СЕРИЯ |
| Основное заглавие серии |
ФГОС |
| 300 ## - ОБЩИЕ ПРИМЕЧАНИЯ |
| Текст примечания |
В надзаг. также: Рос. акад. образования, Изд-во "Просвещение" |
| 300 ## - ОБЩИЕ ПРИМЕЧАНИЯ |
| Текст примечания |
Кн. фактически изд. в 2013 г. |
| 606 1# - НАИМЕНОВАНИЕ ТЕМЫ КАК ПРЕДМЕТ |
| Наименование темы |
Физика |
| Формальный подзаголовок |
Учебники для средней школы |
| Системный номер авторитетной/нормативной записи |
898198 |
| Идентификатор авторитетной/нормативной записи |
RU\NLR\AUTH\665898 |
| 686 1# - ИНДЕКСЫ ДРУГИХ КЛАССИФИКАЦИЙ |
| Индекс |
В3я721-1 |
| 700 #1 - ИМЯ ЛИЦА - ПЕРВИЧНАЯ ОТВЕТСТВЕННОСТЬ |
| Начальный элемент ввода |
Белага |
| Часть имени, кроме начального элемента ввода |
В. В. |
| Расширение инициалов личного имени |
Виктория Владимировна |
| Код отношения |
Автор |
| 701 #1 - ИМЯ ЛИЦА - АЛЬТЕРНАТИВНАЯ ОТВЕТСТВЕННОСТЬ |
| Начальный элемент ввода |
Ломаченков |
| Часть имени, кроме начального элемента ввода |
И. А. |
| Расширение инициалов личного имени |
Иван Алексеевич |
| Код отношения |
Автор |
| 701 #1 - ИМЯ ЛИЦА - АЛЬТЕРНАТИВНАЯ ОТВЕТСТВЕННОСТЬ |
| Код отношения |
Автор |
| Графика поля |
Кириллица |
| Материалы, к которым относится поле |
rus |
| Начальный элемент ввода |
Панебратцев |
| Часть имени, кроме начального элемента ввода |
Ю. А. |
| Даты |
1952- |
| Расширение инициалов личного имени |
Юрий Анатольевич |
| Идентификатор авторитетной/нормативной записи |
RU\NLR\AUTH\770281635 |
| Системный номер авторитетной/нормативной записи |
2653602 |
| 801 #1 - ИСТОЧНИК ЗАПИСИ |
| Страна |
российская федерация |
| Организация |
NLR |
| Дата составления |
20131022 |
| 942 ## - ДОПОЛНИТЕЛЬНЫЕ ЭЛЕМЕНТЫ ЗАПИСИ (АБИС) |
| Тип экземпляра АБИС |
Книга |
| 980 ## - КОЛЛЕКЦИЯ |
| Название коллекции |
Национальная библиография |